000 00571nam a2200157 a 4500
001 000035643
005 20200930074510.0
008 111107s1959 cu 000 0 spa d
040 _aDO-SdBNP
_bspa
_cBNPHu
082 _axxx
_bT689
100 1 _aTorre, Silvio de la,
_961559
245 1 3 _aLa educación en los Estados Unidos /
_cSilvio de la Torre.
260 _aLa Habana :
_bUniversidad Central de las Villas ;
_bDepartamento de Relaciones Culturales,
_c1959.
300 _a279 p. ;
_c20 cm.
590 _aPerteneció a la biblioteca personal de Juan Isidro Jimenes Grullón
999 _c35134
_d35134